000 00366nam a2200157Ia 4500
003 Ost
005 20260225132537.0
008 260225s9999||||xx |||||||||||||| ||und||
040 _cfsic
041 _afre
082 _a659.1
100 _aJean-marc decausin
_eAuteur
245 0 _aCommunication et publiçité /
245 0 _cJean-marc decausin
942 _cكتاب
999 _c33289
_d33289